=LDR 00000nam 2200000 4500 =001 INLIS000000000026394 =005 20130612124835 =008 ***********************************Ind** =035 ##$$0010-061300000026394 =041 ##$$a Ind =082 ##$$a 371.23 =090 ##$$a 371.23, Han b =100 ##$$a Hana, Attia Mahmoud =245 ##$$a Bimbimbingan pendidikan dan pekerjaan 1, Attia Mahmoud Hana =260 ##$$a 1980 $b Jakarta =300 ##$$a 296 hlm, 21 cm =650 ##$$a Pendidikan =850 ##$$a NBPNMAT